[Event "RUS-ch Blitz Women 2018"]
[Site "Sochi"]
[Date "2018.10.07"]
[Round "9"]
[White "Diakonova, Ekaterina"]
[Black "Guseva, Marina"]
[Result "0-1"]
[WhiteElo "2236"]
[BlackElo "2292"]
[Annotator "NA"]
[PlyCount "88"]
[EventDate "2018.10.07"]
[EventType "swiss"]
[EventCountry "RUS"]
[SourceTitle "playchess.com"]
[Source "ChessBase"]
[SourceQuality "1"]
[TimeControl "180+2"]

1. e4 {[%emt 0:00:22]} c6 {[%emt 0:00:00]} 2. d4 {[%emt 0:00:01]} d5 {[%emt 0:00:01]} 3. exd5 {[%emt 0:00:01]} cxd5 {[%emt 0:00:01]} 4. Bd3 {[%emt 0:00:01]} Nc6 5. c3 Nf6 {[%emt 0:00:06]} 6. Ne2 {[%emt 0:00:01]} Bg4 {[%emt 0:00:02]} 7. O-O {[%emt 0:00:01]} e6 8. Qe1 Bxe2 {[%emt 0:00:03]} 9. Qxe2 {[%emt 0:00:01]} Qc7 {[%emt 0:00:19]} 10. f4 {[%emt 0:00:07]} Bd6 {[%emt 0:00:04]} 11. Be3 {[%emt 0:00:21]} O-O 12. Nd2 Rfe8 {[%emt 0:00:19]} 13. g4 {[%emt 0:00:17]} a6 {[%emt 0:00:12]} 14. a4 {[%emt 0:00:01]} Rac8 {[%emt 0:00:08]} 15. b4 {[%emt 0:00:12]} Ne7 {[%emt 0:00:13]} 16. Rac1 {[%emt 0:00:02]} Ng6 {[%emt 0:00:04]} 17. g5 {[%emt 0:00:17]} Nd7 {[%emt 0:00:09]} 18. Qh5 {[%emt 0:00:04]} Ndf8 {[%emt 0:00:06]} 19. Bxg6 {[%emt 0:00:07]} Nxg6 {[%emt 0:00:04]} 20. Qg4 {[%emt 0:00:14]} Ne7 {[%emt 0:00:03]} 21. Nb3 {[%emt 0:00:18]} Nf5 {[%emt 0:00:03]} 22. Bd2 {[%emt 0:00:01]} Qc4 {[%emt 0:00:05]} 23. Nc5 {[%emt 0:00:12]} b6 {[%emt 0:00:05]} 24. Nd7 {[%emt 0:00:01]} Qc6 {[%emt 0:00:07]} 25. Ne5 {[%emt 0:00:01]} Qxa4 {[%emt 0:00:21]} 26. Rf3 {[%emt 0:00:13]} Qa2 {[%emt 0:00:05]} 27. Rd3 {[%emt 0:00:01]} a5 {[%emt 0:00:06]} 28. bxa5 {[%emt 0:00:02]} bxa5 {[%emt 0:00:01]} 29. Rf1 {[%emt 0:00:27]} Rb8 {[%emt 0:00:29]} 30. h4 {[%emt 0:00:11]} Rb1 {[%emt 0:00:04]} 31. h5 {[%emt 0:00:03]} Rxf1+ {[%emt 0:00:03]} 32. Kxf1 {[%emt 0:00:00]} Qb1+ {[%emt 0:00:01]} 33. Ke2 {[%emt 0:00:01]} Bxe5 {[%emt 0:00:21]} 34. fxe5 {[%emt 0:00:01]} a4 {[%emt 0:00:03]} 35. g6 {[%emt 0:00:02]} fxg6 {[%emt 0:00:03]} 36. hxg6 {[%emt 0:00:01]} h6 {[%emt 0:00:01]} 37. Rf3 {[%emt 0:00:07]} a3 {[%emt 0:00:04]} 38. Rf1 {[%emt 0:00:00]} Qb5+ {[%emt 0:00:02]} 39. Kf2 {[%emt 0:00:02]} a2 {[%emt 0:00:02]} 40. Qd1 {[%emt 0:00:01]} Ra8 {[%emt 0:00:02]} 41. Qa1 {[%emt 0:00:01]} Qd3 {[%emt 0:00:02]} 42. Rd1 {[%emt 0:00:02]} Qg3+ {[%emt 0:00:01]} 43. Ke2 {[%emt 0:00:02]} Qg2+ {[%emt 0:00:02]} 44. Kd3 {[%emt 0:00:01]} Qe4# {[%emt 0:00:01]} 0-1

[Event "RUS-ch Blitz Women 2018"]
[Site "Sochi"]
[Date "2018.10.07"]
[Round "9"]
[White "Goltseva, Ekaterina"]
[Black "Belenkaya, Dina"]
[Result "0-1"]
[WhiteElo "2169"]
[BlackElo "2329"]
[Annotator "ChessBase"]
[PlyCount "172"]
[EventDate "2018.10.07"]
[EventType "swiss"]
[EventCountry "RUS"]
[SourceTitle "playchess.com"]
[Source "ChessBase"]
[SourceQuality "1"]
[TimeControl "180+2"]

1. d4 {[%emt 0:00:00]} d5 {[%emt 0:00:00]} 2. c4 {[%emt 0:00:00]} dxc4 {[%emt 0:00:00]} 3. Nf3 {[%emt 0:00:01]} Nf6 {[%emt 0:00:00]} 4. e3 {[%emt 0:00:01]} e6 {[%emt 0:00:01]} 5. Bxc4 {[%emt 0:00:01]} a6 {[%emt 0:00:01]} 6. O-O {[%emt 0:00:02]} c5 {[%emt 0:00:00]} 7. dxc5 {[%emt 0:00:01]} Bxc5 {[%emt 0:00:02]} 8. Qxd8+ {[%emt 0:00:04]} Kxd8 {[%emt 0:00:04]} 9. Nbd2 {[%emt 0:00:02]} Ke7 {[%emt 0:00:04]} 10. Be2 {[%emt 0:00:05]} Bd7 {[%emt 0:00:06]} 11. Nb3 {[%emt 0:00:08]} Bb6 {[%emt 0:00:01]} 12. Bd2 {[%emt 0:00:10]} Nc6 {[%emt 0:00:03]} 13. Rfd1 {[%emt 0:00:02]} Rhd8 {[%emt 0:00:05]} 14. Bc3 {[%emt 0:00:14]} g6 {[%emt 0:00:05]} 15. Nfd4 {[%emt 0:00:06]} Nd5 {[%emt 0:00:13]} 16. Be1 {[%emt 0:00:06]} Ke8 {[%emt 0:00:38]} 17. Bf3 {[%emt 0:00:05]} Nce7 {[%emt 0:00:24]} 18. g3 {[%emt 0:00:02]} Rac8 {[%emt 0:00:16]} 19. e4 {[%emt 0:00:08]} Nf6 {[%emt 0:00:02]} 20. Bc3 {[%emt 0:00:35]} e5 {[%emt 0:00:16]} 21. Nc2 {[%emt 0:00:03]} Nc6 {[%emt 0:00:23]} 22. Ne1 {[%emt 0:00:06]} Be6 {[%emt 0:00:09]} 23. Nd2 {[%emt 0:00:25]} Ng4 {[%emt 0:00:05]} 24. Bxg4 {[%emt 0:00:11]} Bxg4 {[%emt 0:00:01]} 25. Rdc1 {[%emt 0:00:11]} Nd4 {[%emt 0:00:01]} 26. Bxd4 {[%emt 0:00:06]} Bxd4 {[%emt 0:00:02]} 27. Rxc8 {[%emt 0:00:12]} Rxc8 {[%emt 0:00:01]} 28. Rb1 {[%emt 0:00:05]} Be2 {[%emt 0:00:04]} 29. Kg2 {[%emt 0:00:09]} Ke7 {[%emt 0:00:03]} 30. Nb3 {[%emt 0:00:05]} Bb6 {[%emt 0:00:28]} 31. f3 {[%emt 0:00:09]} a5 {[%emt 0:00:01]} 32. Rc1 {[%emt 0:00:04]} Rd8 {[%emt 0:00:05]} 33. Rc2 {[%emt 0:00:08]} Bd1 {[%emt 0:00:03]} 34. Rd2 {[%emt 0:00:10]} Bxb3 {[%emt 0:00:07]} 35. Rxd8 {[%emt 0:00:00]} Bxd8 {[%emt 0:00:03]} 36. axb3 {[%emt 0:00:02]} Kd6 {[%emt 0:00:02]} 37. Nd3 {[%emt 0:00:01]} f5 {[%emt 0:00:02]} 38. Kf2 {[%emt 0:00:04]} Bb6+ {[%emt 0:00:00]} 39. Ke2 {[%emt 0:00:00]} h5 {[%emt 0:00:05]} 40. h3 {[%emt 0:00:04]} Bd4 {[%emt 0:00:07]} 41. Kd2 {[%emt 0:00:04]} Ke6 {[%emt 0:00:04]} 42. Ke2 {[%emt 0:00:02]} b5 {[%emt 0:00:00]} 43. Kd2 {[%emt 0:00:04]} Kd6 {[%emt 0:00:02]} 44. Kc2 {[%emt 0:00:01]} Bg1 {[%emt 0:00:03]} 45. Kc3 {[%emt 0:00:05]} Bh2 {[%emt 0:00:03]} 46. g4 {[%emt 0:00:03]} fxg4 {[%emt 0:00:01]} 47. fxg4 {[%emt 0:00:01]} Bg1 {[%emt 0:00:03]} 48. Kd2 {[%emt 0:00:03]} Bd4 {[%emt 0:00:01]} 49. Kc2 {[%emt 0:00:03]} Ke6 {[%emt 0:00:01]} 50. Ne1 {[%emt 0:00:03]} Kf6 {[%emt 0:00:03]} 51. Nf3 {[%emt 0:00:00]} Be3 {[%emt 0:00:02]} 52. Kd3 {[%emt 0:00:01]} Bc1 {[%emt 0:00:01]} 53. Kc3 {[%emt 0:00:02]} Be3 {[%emt 0:00:02]} 54. Kd3 {[%emt 0:00:02]} Bf4 {[%emt 0:00:01]} 55. Kc3 {[%emt 0:00:02]} Ke6 {[%emt 0:00:04]} 56. Kd3 {[%emt 0:00:01]} Kd6 {[%emt 0:00:04]} 57. Kc3 {[%emt 0:00:01]} Ke6 {[%emt 0:00:02]} 58. Kd3 {[%emt 0:00:01]} Kd6 {[%emt 0:00:03]} 59. Kc3 {[%emt 0:00:00]} Bg3 {[%emt 0:00:00]} 60. Kd3 {[%emt 0:00:01]} Kc5 {[%emt 0:00:01]} 61. Kc3 {[%emt 0:00:07]} Bf4 {[%emt 0:00:03]} 62. Ne1 {[%emt 0:00:03]} Kc6 {[%emt 0:00:03]} 63. Nf3 {[%emt 0:00:02]} Kd6 {[%emt 0:00:01]} 64. Kd3 {[%emt 0:00:01]} Kc5 {[%emt 0:00:01]} 65. Kc3 {[%emt 0:00:02]} Bg3 {[%emt 0:00:02]} 66. Ng5 {[%emt 0:00:06]} Be1+ {[%emt 0:00:02]} 67. Kd3 {[%emt 0:00:02]} Kb4 {[%emt 0:00:01]} 68. Kc2 {[%emt 0:00:00]} a4 {[%emt 0:00:03]} 69. bxa4 {[%emt 0:00:01]} bxa4 {[%emt 0:00:01]} 70. Nf7 {[%emt 0:00:04]} Bg3 {[%emt 0:00:02]} 71. Nh8 {[%emt 0:00:02]} hxg4 {[%emt 0:00:02]} 72. hxg4 {[%emt 0:00:01]} g5 {[%emt 0:00:01]} 73. Nf7 {[%emt 0:00:01]} Bf4 {[%emt 0:00:02]} 74. Nd6 {[%emt 0:00:03]} Kc5 {[%emt 0:00:02]} 75. Nf5 {[%emt 0:00:01]} Kc4 {[%emt 0:00:01]} 76. Ng7 {[%emt 0:00:05]} Kd4 {[%emt 0:00:01]} 77. Ne6+ {[%emt 0:00:02]} Kxe4 {[%emt 0:00:01]} 78. Nc5+ {[%emt 0:00:01]} Kf3 {[%emt 0:00:01]} 79. Nxa4 {[%emt 0:00:01]} Kxg4 {[%emt 0:00:01]} 80. b4 {[%emt 0:00:02]} Kf3 {[%emt 0:00:03]} 81. Nc3 {[%emt 0:00:02]} g4 {[%emt 0:00:03]} 82. Kd3 {[%emt 0:00:02]} g3 {[%emt 0:00:03]} 83. b5 {[%emt 0:00:02]} g2 {[%emt 0:00:02]} 84. Ne2 {[%emt 0:00:01]} Be3 {[%emt 0:00:01]} 85. b6 {[%emt 0:00:05]} Bxb6 {[%emt 0:00:02]} 86. Kd2 {[%emt 0:00:02]} g1=Q {[%emt 0:00:02]} 0-1

[Event "RUS-ch Blitz Women 2018"]
[Site "Sochi"]
[Date "2018.10.07"]
[Round "9"]
[White "Semenova, Elena"]
[Black "Vasilevich, Tatjana"]
[Result "0-1"]
[WhiteElo "2152"]
[BlackElo "2360"]
[Annotator "NA"]
[PlyCount "86"]
[EventDate "2018.10.07"]
[EventType "swiss"]
[EventCountry "RUS"]
[SourceTitle "playchess.com"]
[Source "ChessBase"]
[SourceQuality "1"]
[TimeControl "180+2"]

1. e4 {[%emt 0:00:00]} c5 {[%emt 0:00:00]} 2. Nf3 e6 3. b3 {[%emt 0:00:02]} b6 {[%emt 0:00:01]} 4. Bb2 {[%emt 0:00:01]} Bb7 {[%emt 0:00:00]} 5. Bd3 {[%emt 0:00:05]} Nf6 {[%emt 0:00:03]} 6. e5 {[%emt 0:00:03]} Nd5 {[%emt 0:00:01]} 7. Be4 {[%emt 0:00:05]} Qc7 {[%emt 0:00:07]} 8. O-O {[%emt 0:00:15]} Be7 {[%emt 0:00:11]} 9. Re1 {[%emt 0:00:04]} O-O {[%emt 0:00:05]} 10. c4 {[%emt 0:00:08]} Nb4 {[%emt 0:00:02]} 11. a3 {[%emt 0:00:17]} Bxe4 {[%emt 0:00:21]} 12. Rxe4 {[%emt 0:00:01]} Nd3 {[%emt 0:00:24]} 13. Bc3 {[%emt 0:00:01]} f5 {[%emt 0:00:01]} 14. Re3 {[%emt 0:00:28]} Nf4 {[%emt 0:00:04]} 15. d4 {[%emt 0:00:11]} cxd4 {[%emt 0:00:16]} 16. Qxd4 {[%emt 0:00:16]} g5 {[%emt 0:00:15]} 17. Qd1 {[%emt 0:00:17]} h6 {[%emt 0:00:22]} 18. Bb4 {[%emt 0:00:15]} Bc5 {[%emt 0:00:25]} 19. Bxc5 {[%emt 0:00:05]} Qxc5 {[%emt 0:00:10]} 20. Nc3 {[%emt 0:00:18]} Nc6 {[%emt 0:00:11]} 21. Qd6 {[%emt 0:00:12]} g4 {[%emt 0:00:12]} 22. Qxc5 {[%emt 0:00:05]} bxc5 {[%emt 0:00:01]} 23. Ree1 {[%emt 0:00:02]} gxf3 {[%emt 0:00:02]} 24. g3 {[%emt 0:00:07]} Nd3 {[%emt 0:00:02]} 25. Red1 {[%emt 0:00:04]} Ndxe5 {[%emt 0:00:02]} 26. Nb5 {[%emt 0:00:04]} a6 {[%emt 0:00:05]} 27. Nd6 {[%emt 0:00:02]} Nd4 {[%emt 0:00:01]} 28. b4 {[%emt 0:00:04]} Ne2+ {[%emt 0:00:04]} 29. Kf1 {[%emt 0:00:02]} cxb4 {[%emt 0:00:06]} 30. axb4 {[%emt 0:00:01]} Rfb8 {[%emt 0:00:02]} 31. b5 {[%emt 0:00:06]} axb5 32. cxb5 {[%emt 0:00:01]} Nc3 {[%emt 0:00:06]} 33. Rxa8 {[%emt 0:00:06]} Rxa8 {[%emt 0:00:01]} 34. Rc1 {[%emt 0:00:01]} Nd5 {[%emt 0:00:03]} 35. Re1 {[%emt 0:00:11]} Ng4 {[%emt 0:00:04]} 36. h3 {[%emt 0:00:04]} Ngf6 {[%emt 0:00:01]} 37. Rb1 {[%emt 0:00:02]} Rb8 {[%emt 0:00:01]} 38. Ke1 {[%emt 0:00:04]} Kf8 {[%emt 0:00:02]} 39. Kd2 Ke7 {[%emt 0:00:01]} 40. Nc4 {[%emt 0:00:03]} Ne4+ {[%emt 0:00:03]} 41. Kd3 {[%emt 0:00:02]} Nd6 {[%emt 0:00:02]} 42. b6 {[%emt 0:00:02]} Nxc4 {[%emt 0:00:02]} 43. Kxc4 {[%emt 0:00:01]} Rxb6 {[%emt 0:00:00]} 0-1

[Event "RUS-ch Blitz Women 2018"]
[Site "Sochi"]
[Date "2018.10.07"]
[Round "10"]
[White "Bodnaruk, Anastasia"]
[Black "Kovanova, Baira"]
[Result "1-0"]
[WhiteElo "2423"]
[BlackElo "2350"]
[Annotator "NA RC"]
[PlyCount "159"]
[EventDate "2018.10.07"]
[EventType "swiss"]
[EventCountry "RUS"]
[SourceTitle "playchess.com"]
[Source "ChessBase"]
[SourceQuality "1"]
[TimeControl "180+2"]

1. e4 {[%emt 0:00:00]} e5 {[%emt 0:00:00]} 2. Nf3 {[%emt 0:00:00]} Nc6 {[%emt 0:00:00]} 3. Bb5 {[%emt 0:00:00]} a6 {[%emt 0:00:00]} 4. Ba4 {[%emt 0:00:01]} Nge7 {[%emt 0:00:05]} 5. c3 {[%emt 0:00:03]} g6 {[%emt 0:00:01]} 6. d4 {[%emt 0:00:02] C70: Ruy Lopez: 3...a6 4 Ba4, Norwegian and Delayed Schliemann} exd4 {[%emt 0:00:01]} 7. cxd4 {[%emt 0:00:00]} b5 {[%emt 0:00:01]} 8. Bc2 {[%emt 0:00:11]} (8. d5 bxa4 9. dxc6 Nxc6 10. Qxa4 Bg7 11. O-O O-O 12. Nc3 Rb8 13. Bg5 f6 {0-1 (27) Hou,Y (2658)-Ponomariov,R (2686) Shenzhen 2018}) 8... d6 {[%emt 0:00:02]} 9. h3 {[%emt 0:00:06]} Bg7 {[%emt 0:00:02]} 10. O-O {[%emt 0:00:01]} O-O {[%emt 0:00:03]} 11. Nc3 {[%emt 0:00:02]} Na5 {[%emt 0:00:21]} 12. b3 {[%emt 0:00:20]} c5 {[%emt 0:00:04]} 13. Bb2 {[%emt 0:00:03]} cxd4 $146 {[%emt 0:00:22]} ({Predecessor:} 13... c4 14. b4 Nac6 15. a3 Bd7 16. d5 {½-½ (42) Yazici,U (1696)-Buzas,B (1931) Budva 2013}) 14. Nxd4 {[%emt 0:00:03]} Bb7 {[%emt 0:00:03]} 15. Re1 {[%emt 0:00:23]} Rc8 {[%emt 0:00:30]} 16. Qd2 {[%emt 0:00:06]} Nac6 {[%emt 0:00:48]} 17. Nce2 {[%emt 0:00:20]} Nxd4 {[%emt 0:00:08]} 18. Bxd4 {[%emt 0:00:03]} Bxd4 19. Nxd4 {[%emt 0:00:01]} d5 {[%emt 0:00:17]} 20. e5 {[%emt 0:00:05]} Nc6 {[%emt 0:00:08]} 21. Nf3 {[%emt 0:00:17]} Qe7 {[%emt 0:00:04]} 22. Bd3 {[%emt 0:00:29]} Rfd8 {[%emt 0:00:08]} 23. Rad1 {[%emt 0:00:04]} Nb4 {[%emt 0:00:02]} 24. Bb1 {[%emt 0:00:01]} Nc6 {[%emt 0:00:08]} 25. Qh6 $2 {[%emt 0:00:02]} Qf8 {[%emt 0:00:05]} 26. Qh4 {[%emt 0:00:02]} Qe7 {[%emt 0:00:01] [#]} 27. Qh6 {[%emt 0:00:06]} (27. Ng5 $1 $18 h5 28. e6) 27... Qf8 {[%emt 0:00:02]} 28. Qf4 {[%emt 0:00:01]} Ne7 {[%emt 0:00:06]} 29. Nd4 {[%emt 0:00:03]} Qg7 {[%emt 0:00:08]} 30. Re3 {[%emt 0:00:05]} Nc6 {[%emt 0:00:01] [#]} 31. Nf5 $1 {[%emt 0:00:10]} Qf8 {[%emt 0:00:04]} 32. Nh6+ {[%emt 0:00:02]} Kg7 {[%emt 0:00:05]} 33. Rf3 {[%emt 0:00:18]} f5 {[%emt 0:00:06]} 34. exf6+ {[%emt 0:00:02]} Kh8 {[%emt 0:00:01]} 35. Ng4 $18 {[%emt 0:00:18]} d4 {[%emt 0:00:02]} 36. Bd3 {[%emt 0:00:08]} Qf7 {[%emt 0:00:01]} 37. Nh6 {[%emt 0:00:01]} Qf8 {[%emt 0:00:01]} 38. f7 {[%emt 0:00:02]} Qg7 {[%emt 0:00:01]} 39. Re1 {[%emt 0:00:04]} Nb4 {[%emt 0:00:02]} 40. Rg3 {[%emt 0:00:05]} Nd5 {[%emt 0:00:01]} 41. Qg5 {[%emt 0:00:02]} Rf8 {[%emt 0:00:02]} 42. Be4 {[%emt 0:00:03]} Rcd8 {[%emt 0:00:02]} 43. Bd3 {[%emt 0:00:06]} Nb4 {[%emt 0:00:01]} 44. Bb1 {[%emt 0:00:00]} d3 {[%emt 0:00:01]} 45. Rd1 {[%emt 0:00:01]} d2 {[%emt 0:00:02]} 46. Rxd2 {[%emt 0:00:03]} Rxd2 47. Qxd2 {[%emt 0:00:00]} Qa1 {[%emt 0:00:04]} 48. Kh2 {[%emt 0:00:01]} Nd5 {[%emt 0:00:03]} 49. Be4 {[%emt 0:00:04]} Qe5 {[%emt 0:00:01]} 50. Bxd5 {[%emt 0:00:04]} Bxd5 {[%emt 0:00:02]} 51. f4 {[%emt 0:00:02]} Qg7 {[%emt 0:00:11]} 52. Nf5 {[%emt 0:00:03]} Qxf7 {[%emt 0:00:01]} 53. Qd4+ {[%emt 0:00:00]} Qf6 {[%emt 0:00:01]} 54. Qxd5 {[%emt 0:00:03]} Qxf5 {[%emt 0:00:03]} 55. Qd4+ {[%emt 0:00:02]} Qf6 {[%emt 0:00:01]} 56. Rd3 {[%emt 0:00:02]} Kg7 {[%emt 0:00:02]} 57. g3 {[%emt 0:00:03]} Rf7 {[%emt 0:00:02]} 58. Qxf6+ {[%emt 0:00:01]} Rxf6 59. Kg2 Rc6 {[%emt 0:00:04]} 60. Rd2 {[%emt 0:00:01]} Kf6 {[%emt 0:00:02]} 61. Kf3 {[%emt 0:00:02]} Rc3+ {[%emt 0:00:01]} 62. Kf2 {[%emt 0:00:03]} Rc6 {[%emt 0:00:01]} 63. g4 {[%emt 0:00:00]} h5 {[%emt 0:00:02]} 64. Kg2 {[%emt 0:00:04]} hxg4 {[%emt 0:00:01]} 65. hxg4 {[%emt 0:00:01]} Re6 {[%emt 0:00:03]} 66. Kf3 {[%emt 0:00:01]} Rc6 {[%emt 0:00:00]} 67. Rd3 {[%emt 0:00:00]} b4 {[%emt 0:00:03]} 68. Rd4 {[%emt 0:00:03]} a5 {[%emt 0:00:05]} 69. Rd5 {[%emt 0:00:01]} Ra6 {[%emt 0:00:00]} 70. Rb5 {[%emt 0:00:01]} Ke6 {[%emt 0:00:03]} 71. Ke4 {[%emt 0:00:01]} Kf6 {[%emt 0:00:01]} 72. g5+ {[%emt 0:00:03]} Ke6 {[%emt 0:00:01]} 73. Rb8 {[%emt 0:00:08]} Ke7 {[%emt 0:00:04]} 74. Rb7+ {[%emt 0:00:02]} Kd8 {[%emt 0:00:05]} 75. f5 {[%emt 0:00:02]} gxf5+ {[%emt 0:00:02]} 76. Kxf5 {[%emt 0:00:01]} Ke8 {[%emt 0:00:01]} 77. g6 {[%emt 0:00:02]} Kf8 {[%emt 0:00:01]} 78. Kg5 {[%emt 0:00:01]} Rd6 {[%emt 0:00:04]} 79. Kh6 {[%emt 0:00:02]} Rd1 {[%emt 0:00:02]} 80. g7+ {[%emt 0:00:01]} 1-0

[Event "RUS-ch Blitz Women 2018"]
[Site "Sochi"]
[Date "2018.10.07"]
[Round "10"]
[White "Vasilevich, Tatjana"]
[Black "Semenova, Elena"]
[Result "1-0"]
[WhiteElo "2360"]
[BlackElo "2152"]
[Annotator "NA"]
[PlyCount "80"]
[EventDate "2018.10.07"]
[EventType "swiss"]
[EventCountry "RUS"]
[SourceTitle "playchess.com"]
[Source "ChessBase"]
[SourceQuality "1"]
[TimeControl "180+2"]

1. d4 {[%emt 0:00:00]} f5 {[%emt 0:00:00]} 2. g3 {[%emt 0:00:01]} Nf6 {[%emt 0:00:00]} 3. Bg2 d6 4. c4 {[%emt 0:00:04]} e5 {[%emt 0:00:05]} 5. dxe5 {[%emt 0:00:11]} dxe5 {[%emt 0:00:00]} 6. Nf3 {[%emt 0:00:03]} Qxd1+ {[%emt 0:00:02]} 7. Kxd1 {[%emt 0:00:01]} Nbd7 {[%emt 0:00:17]} 8. Nc3 {[%emt 0:00:08]} c6 {[%emt 0:00:05]} 9. Kc2 {[%emt 0:00:02]} Bc5 {[%emt 0:00:12]} 10. e3 {[%emt 0:00:09]} Ng4 {[%emt 0:00:15]} 11. h3 {[%emt 0:00:35]} Ngf6 {[%emt 0:00:27]} 12. a3 {[%emt 0:00:09]} a5 {[%emt 0:00:03]} 13. b3 {[%emt 0:00:02]} e4 {[%emt 0:00:07]} 14. Ne1 {[%emt 0:00:38]} Ne5 {[%emt 0:00:03]} 15. Bb2 {[%emt 0:00:01]} Bd6 {[%emt 0:00:32]} 16. Rd1 {[%emt 0:00:03]} Ke7 {[%emt 0:00:01]} 17. Na4 {[%emt 0:00:09]} Nfd7 {[%emt 0:00:14]} 18. Kb1 {[%emt 0:00:16]} Rd8 {[%emt 0:00:29]} 19. Rd2 {[%emt 0:00:03]} Bc7 {[%emt 0:00:12]} 20. Nc2 {[%emt 0:00:07]} Nd3 {[%emt 0:00:09]} 21. Bxg7 {[%emt 0:00:04]} N7e5 {[%emt 0:00:06]} 22. Nd4 {[%emt 0:00:09]} Bd7 {[%emt 0:00:07]} 23. Nc3 {[%emt 0:00:05]} a4 {[%emt 0:00:03]} 24. Bxe5 {[%emt 0:00:06]} Bxe5 {[%emt 0:00:03]} 25. b4 {[%emt 0:00:08]} Bxd4 {[%emt 0:00:07]} 26. exd4 Be6 27. d5 {[%emt 0:00:17]} cxd5 {[%emt 0:00:01]} 28. cxd5 {[%emt 0:00:01]} Bxd5 {[%emt 0:00:02]} 29. g4 {[%emt 0:00:11]} Nf4 {[%emt 0:00:09]} 30. Nxd5+ {[%emt 0:00:04]} Nxd5 {[%emt 0:00:05]} 31. gxf5 {[%emt 0:00:04]} Nc3+ {[%emt 0:00:03]} 32. Kc2 {[%emt 0:00:00]} Rdc8 {[%emt 0:00:01]} 33. Kb2 {[%emt 0:00:03]} Kf6 {[%emt 0:00:01]} 34. Rc1 {[%emt 0:00:03]} Nb5 {[%emt 0:00:03]} 35. Bxe4 {[%emt 0:00:03]} Rxc1 36. Kxc1 {[%emt 0:00:01]} Rc8+ {[%emt 0:00:04]} 37. Kb2 {[%emt 0:00:01]} Re8 {[%emt 0:00:00]} 38. Bxb7 {[%emt 0:00:05]} Rf8 {[%emt 0:00:03]} 39. Be4 {[%emt 0:00:02]} Ke5 {[%emt 0:00:00]} 40. Rd1 {[%emt 0:00:01]} Nd4 {[%emt 0:00:02]} 1-0

[Event "RUS-ch Blitz Women 2018"]
[Site "Sochi"]
[Date "2018.10.07"]
[Round "10"]
[White "Voit, Daria"]
[Black "Shuvalova, Polina"]
[Result "1-0"]
[WhiteElo "2352"]
[BlackElo "2421"]
[Annotator "RC"]
[PlyCount "63"]
[EventDate "2018.10.07"]
[EventType "swiss"]
[EventCountry "RUS"]
[SourceTitle "playchess.com"]
[Source "ChessBase"]
[SourceQuality "1"]
[TimeControl "180+2"]

1. Nf3 {[%emt 0:00:00]} Nf6 {[%emt 0:00:00]} 2. c4 {[%emt 0:00:00]} e6 {[%emt 0:00:00]} 3. g3 {[%emt 0:00:00]} d5 {[%emt 0:00:00]} 4. Bg2 {[%emt 0:00:01]} d4 {[%emt 0:00:02]} 5. O-O {[%emt 0:00:02]} c5 {[%emt 0:00:00]} 6. d3 {[%emt 0:00:01]} Nc6 {[%emt 0:00:01]} 7. e3 {[%emt 0:00:01]} Be7 {[%emt 0:00:02]} 8. exd4 {[%emt 0:00:02]} cxd4 {[%emt 0:00:01]} 9. Re1 {[%emt 0:00:02]} O-O {[%emt 0:00:01]} 10. Na3 {[%emt 0:00:08]} Nd7 {[%emt 0:00:09]} 11. Nc2 {[%emt 0:00:02]} e5 {[%emt 0:00:03]} 12. a3 {[%emt 0:00:05]} a5 {[%emt 0:00:01]} 13. b3 {[%emt 0:00:01]} Re8 {[%emt 0:00:05]} 14. Rb1 {[%emt 0:00:02]} Bf8 {[%emt 0:00:07]} 15. b4 {[%emt 0:00:01]} axb4 {[%emt 0:00:01]} 16. axb4 {[%emt 0:00:01]} Bd6 {[%emt 0:00:14]} 17. Nd2 {[%emt 0:00:38]} h6 {[%emt 0:00:04]} 18. c5 {[%emt 0:00:02]} Bf8 {[%emt 0:00:07]} 19. Nc4 {[%emt 0:00:02]} Qc7 {[%emt 0:00:10]} 20. Bd2 {[%emt 0:00:18]} Nf6 {[%emt 0:00:09]} 21. f4 {[%emt 0:00:18]} Bg4 {[%emt 0:00:08]} 22. Qc1 {[%emt 0:00:02]} Nd7 {[%emt 0:01:00]} 23. h3 {[%emt 0:00:33]} Be6 {[%emt 0:00:09]} 24. N2a3 {[%emt 0:00:07]} f6 {[%emt 0:00:12]} 25. Nb5 {[%emt 0:00:03]} Qb8 {[%emt 0:00:08]} 26. Kh2 {[%emt 0:00:19]} Ra2 {[%emt 0:00:08]} 27. Ncd6 {[%emt 0:00:08]} Rd8 {[%emt 0:00:03]} 28. Rb2 {[%emt 0:00:02]} Ra4 {[%emt 0:00:05]} 29. f5 {[%emt 0:00:15]} Bf7 {[%emt 0:00:18]} 30. Nxf7 {[%emt 0:00:02]} Kxf7 {[%emt 0:00:01]} 31. Qc4+ {[%emt 0:00:01]} Ke8 {[%emt 0:00:05]} 32. Qe6+ {[%emt 0:00:01]} 1-0